1422 1119 1352 1988 1964 1246 1194 1137 1033 1384 1205 1479 1270 1352 1237 1317 1577 1080 1002 1576 1216 1827 1652 1309 1697 1366 1495 1577 1834 1364 1985 1731 1119 1490 1880 1088 1888 1506 1879 1225 1509 1477 1437 1769 1984 1342 1816 1530 1885 1057 1085 1860 1060 1514 1180 1515 1331 1693 1046 1039 1596 2000 1455 1347 1550 1104 1550 1609 1329 1549 1862 1199 1056 1961 1355 1133 1382 1362 1662 1176 1113 1847 1244 1272 1578 1084 1886 1633 1177 1044 1593 1483 1310 1812 1555 1184 1269 1330 1486 BCNSPRNW ULIB Ver.6.0+V

เปลี่ยนเป็นภาษาไทย

Change to English
 แสดงรายละเอียดบรรณานุกรม
  กลับหน้าหลัก

Brief Record : Get Marc (ISO 2709) : E-mail record : QR code < ปิดหน้าต่าง
LEADER : 00000nam 2200000uu 4500
001    13399112533
003     ULIB
008    110823s2545||||th 000 0 tha d
060 04 QV55^bส691ว 2545
245 00 วิวาทะเรื่องยาพีพีเอ /^cสำนักงานคณะกรรมการอาหารและยา
260    [นนทบุรี] :^bสำนักงานคณะกรรมการอาหารและยา,^c2545
300    352 หน้า ;^c29 ซม.
500    ชื่อเรื่องที่ปก: วิวาทะเรื่อง...ยาพีพีเอ
650  7 ยาแก้ไอ
650  7 ยาแก้หวัด
650  7 ยาลดน้ำมูก
650  7 ฟีนิย์ลโปรปาโนลามีน
710 2  สำนักงานคณะกรรมการอาหารและยา
740 02 วิวาทะเรื่อง...ยาพีพีเอ
945    ^p0^l0^i10305
945    ^p0^l0^i10306
995    กัณชพร
999    ^aใช้งานได้ทุกระบบ
รายการนี้ยังไม่มีแท็ก
คุณยังไม่ได้ล็อกอิน คุณสามารถมีกิจกรรมร่วมกับเว็บไซต์ได้ แต่ต้องล็อกอินก่อน ::
  ล็อกอิน

รายการสื่อสารสนเทศ

ลำดับที่ ประเภท เลขเรียก/บาร์โค้ด สถานที่ สถานะ
- ไม่พบข้อมูล -

รายการใกล้เคียง
    หัวเรื่อง [ยาแก้ไอ]
    หัวเรื่อง [ยาแก้หวัด]
    หัวเรื่อง [ยาลดน้ำมูก]
    หัวเรื่อง [ฟีนิย์ลโปรปาโนลามีน]

BibComment


ยังไม่เคยถูกคอมเมนท์

คอมเมนท์ทรัพยากรรายการนี้
  คอมเมนท์: วิวาทะเรื่องยาพีพ..


 Copyright 2026. Bcnsprnw @Library